Responsabilidad por los sistemas de inteligencia artificial en entornos virtuales, aplicaciones, sitios de internet y plataformas digitales. La configuración de una nueva obligación de seguridad por daños a derechos personalísimos, datos personales y atributos de la personalidad a la luz de los Tratados de Derechos Humanos / (Registro nro. 5317)
[ vista simple ]
| 000 -LEADER | |
|---|---|
| fixed length control field | 02017nab a22003017a 4500 |
| 003 - CONTROL NUMBER IDENTIFIER | |
| control field | OSt |
| 005 - DATE AND TIME OF LATEST TRANSACTION | |
| control field | 20250221104100.0 |
| 008 - FIXED-LENGTH DATA ELEMENTS--GENERAL INFORMATION | |
| fixed length control field | 190603e xxum|||| |||| 00| 0 spa d |
| 040 ## - CATALOGING SOURCE | |
| Transcribing agency | PJ-TDF |
| 100 ## - MAIN ENTRY--PERSONAL NAME | |
| 9 (RLIN) | 4791 |
| Personal name | Azar, Aldo Marcelo |
| 245 10 - TITLE STATEMENT | |
| Title | Responsabilidad por los sistemas de inteligencia artificial en entornos virtuales, aplicaciones, sitios de internet y plataformas digitales. La configuración de una nueva obligación de seguridad por daños a derechos personalísimos, datos personales y atributos de la personalidad a la luz de los Tratados de Derechos Humanos / |
| Statement of responsibility, etc | Aldo M. Azar. |
| 260 ## - PUBLICATION, DISTRIBUTION, ETC. (IMPRINT) | |
| Date of publication, distribution, etc | Ciudad Autónoma de Buenos Aires : |
| Place of publication, distribution, etc | Thomson Reuters La Ley, |
| Name of publisher, distributor, etc | 2024. |
| 300 ## - PHYSICAL DESCRIPTION | |
| Extent | p. 75-84 |
| 500 ## - GENERAL NOTE | |
| General note | Cita: TR LALEY AR/DOC/1983/2024.<br/><br/>Publicado en: R.C.C. y C. 2024 (Septiembre-Octubre). EDICIÓN ESPECIAL: XXIX Jornadas Nacionales de Derecho Civil. |
| 505 ## - FORMATTED CONTENTS NOTE | |
| Formatted contents note | Sumario: I. Conceptualización inicial de la inteligencia artificial (IA) y delimitación de los fenómenos bajo análisis.— II. Hechos productores de daños.— III. La afectación de los derechos personalísimos y de los atributos de la personalidad.— IV. Factores de atribución de responsabilidad.— V. La configuración de una nueva y especial obligación de seguridad.— VI. La responsabilidad por daños causados por la IA en entornos virtuales.<br/> |
| 505 ## - FORMATTED CONTENTS NOTE | |
| Title | ¿Te interesa el texto completo? Solicitalo al correo: koha@justierradelfuego.gov.ar |
| 650 #0 - SUBJECT ADDED ENTRY--TOPICAL TERM | |
| 9 (RLIN) | 5817 |
| Topical term or geographic name as entry element | INTELIGENCIA ARTIFICIAL |
| 650 #0 - SUBJECT ADDED ENTRY--TOPICAL TERM | |
| 9 (RLIN) | 1467 |
| Topical term or geographic name as entry element | RESPONSABILIDAD CIVIL |
| 650 #0 - SUBJECT ADDED ENTRY--TOPICAL TERM | |
| 9 (RLIN) | 6081 |
| Topical term or geographic name as entry element | CIENCIA Y TECNOLOGÍA |
| 650 #0 - SUBJECT ADDED ENTRY--TOPICAL TERM | |
| 9 (RLIN) | 2823 |
| Topical term or geographic name as entry element | DAÑOS Y PERJUICIOS |
| 650 #0 - SUBJECT ADDED ENTRY--TOPICAL TERM | |
| 9 (RLIN) | 2823 |
| Topical term or geographic name as entry element | DAÑOS Y PERJUICIOS |
| 650 #0 - SUBJECT ADDED ENTRY--TOPICAL TERM | |
| 9 (RLIN) | 2724 |
| Topical term or geographic name as entry element | DERECHO A LA INTIMIDAD |
| 650 #0 - SUBJECT ADDED ENTRY--TOPICAL TERM | |
| 9 (RLIN) | 4108 |
| Topical term or geographic name as entry element | DATOS PERSONALES |
| 650 #0 - SUBJECT ADDED ENTRY--TOPICAL TERM | |
| 9 (RLIN) | 765 |
| Topical term or geographic name as entry element | DERECHOS PERSONALÍSIMOS |
| 700 ## - ADDED ENTRY--PERSONAL NAME | |
| 9 (RLIN) | 6366 |
| Personal name | Guerreiro, Pablo N. |
| Función | coautor |
| 773 0# - HOST ITEM ENTRY | |
| Host Biblionumber | 2713 |
| Host Itemnumber | 3170 |
| Place, publisher, and date of publication | Ciudad Autónoma de Buenos Aires : Thomson Reuters La Ley, 2015- |
| Title | Revista Código Civil y Comercial. Nº 5 - Septiembre-Octubre 2024 |
| 942 ## - ADDED ENTRY ELEMENTS (KOHA) | |
| Source of classification or shelving scheme | |
| Koha item type | Analítica Artículo de Revista |
No hay ítems disponibles.
